Los desafíos de la universidad argentina /

Obra que se ocupa de analizar la situación de la educación superior en Argentina. Así los capítulos que conforman el documento son: La educación superior en el contexto internacional y latinoamericano; Impactos de la sociedad del conocimiento en la educación superior; Educación superior y equidad so...

Description complète

Enregistré dans:
Détails bibliographiques
Auteur principal: Barsky, Osvaldo (coord.)
Autres auteurs: Sigal, Víctor (coordinación) (coordinación), Dávila, Mabel (coordinación) (coordinación)
Format: Livre
Langue:espagnol
Publié: Buenos Aires, Argentina : Siglo XXI : Universidad de Belgrano, 2004, c2004
Sujets:
Tags: Ajouter un tag
Pas de tags, Soyez le premier à ajouter un tag!

MARC

LEADER 00000nam^a2200000^a^4500
001 000181383
005 20250521000000.0
009 20260310101929.535
020 |a 987-1105-82-7 
037 |a Acervo ITESO - Biblioteca 
041 |a ESP 
082 |a 378. 82  |b BAR 
100 |a Barsky, Osvaldo  |e (coord.) 
245 1 4 |a Los desafíos de la universidad argentina /  |c Coord. de O. Barsky, V. Sigal, M. Dávila. 
264 4 |a Buenos Aires, Argentina :  |b Siglo XXI :  |b Universidad de Belgrano,  |c 2004, c2004 
300 |a 535 p. 
336 |a texto  |b txt  |2 rdacontenido 
337 |a sin mediación  |b n  |2 rdamedio 
338 |a volumen  |b nc  |2 rdasoporte 
520 |a Obra que se ocupa de analizar la situación de la educación superior en Argentina. Así los capítulos que conforman el documento son: La educación superior en el contexto internacional y latinoamericano; Impactos de la sociedad del conocimiento en la educación superior; Educación superior y equidad social; Legislación, gestión y gobierno universitario; Financiamiento; Investigación, inserción de graduados y posgrados; Evaluación y acreditación. 
649 |a XX 
650 |a Admisión Escolar -  |z Argentina 
650 |a Acceso a la Educación -  |z Argentina 
650 |a Igualdad y Desigualdad -  |z Argentina 
650 |a Tecnologías de Comunicación e Información 
650 |a Innovación Educativa -  |z Argentina 
650 |a Centros de Investigación -  |z Argentina 
650 |a Administración Educativa -  |z Argentina 
650 |a Educación y Trabajo -  |z Argentina 
650 |a Inserción y Reinserción Laboral -  |z Argentina 
650 |a Sector Productivo y Educación -  |z Argentina 
650 |a Automatización 
650 |a Modernización Educativa -  |z Argentina 
650 |a Estudios de Posgrado -  |z Argentina 
650 |a Reforma Universitaria -  |z Argentina 
650 |a Reforma Educativa -  |z Argentina 
650 |a Política Educativa -  |z Argentina 
650 |a Evaluación Institucional -  |z Argentina 
650 |a Universidades Públicas -  |z Argentina 
650 |a Educación Superior -  |z Argentina 
650 |a Educación Formal -  |z Argentina 
700 |a Sigal, Víctor  |e (coordinación) 
700 |a Dávila, Mabel  |e (coordinación) 
910 |a Fondo General 
920 |a Impresos - Libros 
930 |a Colección General 
905 |a 101 
901 |a 0500121301  |b IT1  |c ACC  |u 20250521 
902 |a https://opac.biblio.iteso.mx/vufind/Record/000181383